Импульсное регулирование скорости тяговых электродвигателей; Доклады к пятой научно-технической конференции по вопросам автоматизации производства; Т. 1

Dades bibliogràfiques
Parent link:Доклады к пятой научно-технической конференции по вопросам автоматизации производства
Т. 1.— 1967.— С. 185-191
Autor principal: Бейнарович В. А.
Altres autors: Сапожников А. И.
Idioma:rus
Publicat: 1967
Matèries:
Format: MixedMaterials Capítol de llibre
KOHA link:https://koha.lib.tpu.ru/cgi-bin/koha/opac-detail.pl?biblionumber=592457

MARC

LEADER 00000naa0a2200000 4500
001 592457
005 20250828162538.0
035 |a (RuTPU)RU\TPU\tpu\4563 
090 |a 592457 
100 |a 20011210d1967 k||y0rusy50 ca 
101 0 |a rus 
102 |a RU 
200 1 |a Импульсное регулирование скорости тяговых электродвигателей  |f В. А. Бейнарович, А. И. Сапожников 
461 1 |t Доклады к пятой научно-технической конференции по вопросам автоматизации производства 
463 1 |t Т. 1  |v С. 185-191  |d 1967 
610 1 |a электрические машины 
610 1 |a труды учёных ТПУ 
610 1 |a электропривод 
700 1 |a Бейнарович  |b В. А. 
701 1 |a Сапожников  |b А. И. 
801 0 |a RU  |b 63413507  |c 20011210  |g PSBO 
801 2 |a RU  |b 63413507  |c 20071217  |g PSBO 
942 |c BK